Sports Quiz

Random Sports or NFL Quiz

NFL Pre-Draft Power Rankings Quiz Stats

 Plays Quiz not verified by Sporcle

Challenge
Share
Tweet
Embed
Score 0/32 Timer 04:00
0 Plays Today
Rank Team % Correct
2New England Patriots
93.8%
1New York Giants
90.6%
3Green Bay Packers
87.5%
5Baltimore Ravens
68.8%
20New York Jets
68.8%
11New Orleans Saints
65.6%
4San Francisco 49ers
62.5%
8Denver Broncos
62.5%
6Houston Texans
59.4%
7Detroit Lions
59.4%
9Pittsburgh Steelers
59.4%
12Philadelphia Eagles
59.4%
13Atlanta Falcons
59.4%
14Dallas Cowboys
59.4%
25Washington Redskins
59.4%
28Miami Dolphins
56.3%
Rank Team % Correct
24Tampa Bay Buccaneers
53.1%
15San Diego Chargers
53.1%
10Chicago Bears
50%
21Arizona Cardinals
50%
23Buffalo Bills
50%
32Indianapolis Colts
50%
16Tennessee Titans
46.9%
18Carolina Panthers
46.9%
30Cleveland Browns
46.9%
31Minnesota Vikings
46.9%
19Cincinnati Bengals
43.8%
22Seattle Seahawks
43.8%
26Oakland Raiders
43.8%
17Kansas City Chiefs
40.6%
29St. Louis Rams
40.6%
27Jacksonville Jaguars
37.5%

You're not logged in!

Compare scores with friends on all Sporcle quizzes.
OR
Log In

You Might Also Like...

Show Comments

Extras

Top Quizzes Today


Score Distribution

Your Account Isn't Verified!

In order to create a playlist on Sporcle, you need to verify the email address you used during registration. Go to your Sporcle Settings to finish the process.

Report this User

Report this user for behavior that violates our Community Guidelines.

Details: